Capitals of Africa - Statistics

General Stats
  • This quiz has been taken 554 times
  • The average score is 27 of 52
Answer Stats
Countries Capitals % Correct
Algeria Algiers
93%
Egypt Cairo
80%
Angola Luanda
79%
Congo, Democratic Republic Kinshasa
70%
Burkina Faso Ouagadougou
67%
Benin Porto-Novo
65%
Ethiopia Addis Ababa
64%
Libya Tripoli
64%
Cameroon Yaounde
64%
Botswana Gaborone
63%
Kenya Nairobi
63%
Chad N'Djamena
62%
Guinea-Bissau Bissau
61%
Comoros Moroni
61%
Cape Verde Praia
60%
South Africa Pretoria, Cape Town, Bloemfontein
60%
Ghana Accra
57%
Tunisia Tunis
56%
Central African Republic Bangui
55%
Nigeria Abuja
54%
São Tomé and Príncipe São Tomé
54%
Sierra Leone Freetown
52%
Burundi Gitega
52%
Gabon Libreville
52%
Liberia Monrovia
49%
South Sudan Juba
48%
Seychelles Victoria
48%
Eritrea Asmara
46%
Sudan Khartoum
45%
Mozambique Maputo
45%
Eswatini (Swaziland) Mbabane
45%
Senegal Dakar
44%
Zimbabwe Harare
44%
Rwanda Kigali
44%
Togo Lomé
44%
Lesotho Maseru
43%
Somalia Mogadishu
43%
Mauritius Port Louis
43%
Gambia Banjul
42%
Guinea Conakry
42%
Niger Niamey
41%
Mali Bamako
40%
Uganda Kampala
40%
Malawai Lilongwe
40%
Zambia Lusaka
40%
Equatorial Guinea Malabo/Oyala
39%
Ivory Coast (Côte d'Ivoire) Yamoussoukro
38%
Congo, Republic Brazaville
36%
Tanzania Dodoma
36%
Djibouti Djibouti City
35%
Mauritania Nouakchott
30%
Magagascar Antanarivo
18%
No matching quizzes found
Score Distribution
Percent of People with Each Score
Percentile by Number Answered
Your Score History
You have not taken this quiz